Đường cung hai mươi triều = Đường cung nhị thập triều diễn nghĩa

Enregistré dans:
Détails bibliographiques
Auteur principal: Hứa Khiếu Thiên
Format: Livre
Langue:Undetermined
Publié: Tp HCM Văn Nghệ 2003
Sujets:
Tags: Ajouter un tag
Pas de tags, Soyez le premier à ajouter un tag!
Thư viện lưu trữ: Trung tâm Học liệu Trường Đại học Cần Thơ
LEADER 00655nam a2200193Ia 4500
001 CTU_56661
008 210402s9999 xx 000 0 und d
020 |b 87000 
082 |a 895.13081 
082 |b Th305/T1 
100 |a Hứa Khiếu Thiên 
245 0 |a Đường cung hai mươi triều = 
245 0 |b Đường cung nhị thập triều diễn nghĩa 
245 0 |c Hứa Khiếu Thiên; Ông Văn Tùng và Võ quốc Mạnh biên dịch 
260 |a Tp HCM 
260 |b Văn Nghệ 
260 |c 2003 
650 |a historical fiction, chinese 
980 |a Trung tâm Học liệu Trường Đại học Cần Thơ